Αθλητική διατροφή
Αποθηκεύτηκε σε:
| Άλλοι συγγραφείς: | , , , |
|---|---|
| Μορφή: | Βιβλίο |
| Γλώσσα: | Greek English |
| Δημοσίευση: |
Αθήνα :
Ιατρικές Εκδόσεις Π.Χ. Πασχαλίδης,
c2006.
|
| Σειρά: | Αθλητιατρική & αθλητική επιστήμη
|
| Θέματα: | |
| Ετικέτες: |
Προσθήκη ετικέτας
Δεν υπάρχουν, Καταχωρήστε ετικέτα πρώτοι!
|
MARC
| LEADER | 00000cam a2200000 i 4500 | ||
|---|---|---|---|
| 001 | 1/12572 | ||
| 008 | 110323s2006 gr |||||||||||||| ||gre|| | ||
| 020 | |a 9603993093 (pbk) | ||
| 035 | |l 10109837 | ||
| 040 | |a GR-MyUA |b gre |e AACR2 | ||
| 041 | 1 | |a gre |h eng | |
| 082 | 0 | |a 613.2024796 |2 (22) | |
| 245 | 1 | 0 | |a Αθλητική διατροφή / |c [edited by] Ronald J. Maughan, Louise M. Burke ; επιστημονική επιμέλεια-πρόλογος Λάμπρος Συντώσης ; μετάφραση Κώστας Αναστασίου. |
| 260 | |a Αθήνα : |b Ιατρικές Εκδόσεις Π.Χ. Πασχαλίδης, |c c2006. | ||
| 300 | |a xvi, 315 σ. : |b πίν., φωτ. ; |c 24 εκ. | ||
| 490 | 1 | |a (Αθλητιατρική & αθλητική επιστήμη) | |
| 500 | |a Τίτλος πρωτοτύπου: Sports Nutrition. | ||
| 504 | |a Περιέχει βιβλιογραφικές παραπομπές. | ||
| 504 | |a Ευρετήριο: σ. [311]-315. | ||
| 650 | 0 | 0 | |a Athletes |x Nutrition. |
| 700 | 1 | |a Maughan, Ron J., |d 1951- |e edt | |
| 700 | 1 | |a Burke, Luise, |e edt | |
| 700 | 1 | |a Συντώσης, Λάμπρος, |e edt | |
| 700 | 1 | |a Αναστασίου, Κώστας, |e trl | |
| 830 | 0 | |a Αθλητιατρική & αθλητική επιστήμη | |
| 852 | |a INST |b LEMNOS |e 20110323 |h 613.2024796 ΑΘΛ |p 005600000580 |q 005600000580 |t BK |y 0 | ||
| 852 | |a INST |b LEMNOS |e 20190613 |h 613.2024796 ΑΘΛ |p 005600002332 |q 005600002332 |t BK |y 0 | ||
| 852 | |a INST |b LEMNOS |c EUDOXUS |e 20220630 |h 613.2024796 ΑΘΛ |p 005600003312 |q 005600003312 |t BK |y 0 | ||
| 901 | |a BIBL6-2011-1 | ||
| 909 | |a Μ |b 160939 | ||
| 920 | |a Εύδοξος |b Επιστροφή |y Λήμνος |z 2019-04 | ||
| 920 | |a Εύδοξος |b Παραγγελία |y Λήμνος-ΤΕΤΔ |z 2022-05 | ||
| 970 | |a ΠΑΝΤΑΖΗ |b ΑΝΤΩΝΙΑ |z 2011/03/23 | ||